[Event "DEM U10w 2025"]
[Site "Willingen GER"]
[Date "2025.06.11"]
[Round "6"]
[White "Artarov, Rina"]
[Black "Vignesh, Sara"]
[Result "0-1"]
[Termination "normal"]
[Board "1"]
[WhiteElo "1282"]
[BlackElo "1604"]
[WhiteClock "00:37:09"]
[BlackClock "00:29:13"]
[PlyCount "96"]
[WhiteFideId "34692541"]
[BlackFideId "34674756"]
[EventCountry "GER"]
[EventRounds "9"]
[EventType "swiss"]
[EventDate "2025.06.07"]

1. e4 {[%clk 01:30:57]} {[%emt 00:00:02]} c6 {[%clk 01:30:55]} {[%emt
00:00:06]} 2. d4 {[%clk 01:31:17]} {[%emt 00:00:10]} d5 {[%clk 01:31:23]}
{[%emt 00:00:03]} 3. e5 {[%clk 01:31:40]} {[%emt 00:00:06]} c5 {[%clk
01:31:50]} {[%emt 00:00:04]} 4. dxc5 {[%clk 01:32:02]} {[%emt 00:00:08]} Nc6
{[%clk 01:32:16]} {[%emt 00:00:03]} 5. Nf3 {[%clk 01:32:19]} {[%emt 00:00:13]}
Bg4 {[%clk 01:32:43]} {[%emt 00:00:03]} 6. c3 {[%clk 01:32:40]} {[%emt
00:00:09]} Bxf3 {[%clk 01:31:54]} {[%emt 00:01:19]} 7. Qxf3 {[%clk 01:32:07]}
{[%emt 00:01:02]} e6 {[%clk 01:31:22]} {[%emt 00:01:03]} 8. Be3 {[%clk
01:32:13]} {[%emt 00:00:24]} Nxe5 {[%clk 01:28:39]} {[%emt 00:03:13]} 9. Bb5+
{[%clk 01:31:37]} {[%emt 00:01:06]} Nc6 {[%clk 01:28:59]} {[%emt 00:00:10]} 10.
O-O {[%clk 01:31:10]} {[%emt 00:00:56]} Nf6 {[%clk 01:23:19]} {[%emt 00:06:11]}
11. Rd1 {[%clk 01:30:47]} {[%emt 00:00:52]} Qc8 {[%clk 01:22:04]} {[%emt
00:01:43]} 12. b4 {[%clk 01:25:56]} {[%emt 00:05:25]} Be7 {[%clk 01:16:20]}
{[%emt 00:06:13]} 13. Qg3 {[%clk 01:25:22]} {[%emt 00:01:03]} O-O {[%clk
01:16:08]} {[%emt 00:00:43]} 14. Bh6 {[%clk 01:25:37]} {[%emt 00:00:14]} Ne8
{[%clk 01:16:10]} {[%emt 00:00:29]} 15. Nd2 {[%clk 01:17:56]} {[%emt 00:08:11]}
Bf6 {[%clk 01:11:21]} {[%emt 00:05:19]} 16. Rac1 {[%clk 01:16:14]} {[%emt
00:02:11]} Ne5 {[%clk 00:58:31]} {[%emt 00:13:20]} 17. Bf4 {[%clk 01:16:13]}
{[%emt 00:00:31]} Ng6 {[%clk 00:58:02]} {[%emt 00:01:01]} 18. Be3 {[%clk
01:07:42]} {[%emt 00:08:59]} a5 {[%clk 00:46:49]} {[%emt 00:11:44]} 19. a4
{[%clk 01:05:48]} {[%emt 00:02:25]} axb4 {[%clk 00:46:05]} {[%emt 00:01:14]}
20. cxb4 {[%clk 01:06:10]} {[%emt 00:00:07]} Nc7 {[%clk 00:45:44]} {[%emt
00:00:51]} 21. c6 {[%clk 01:01:46]} {[%emt 00:04:54]} Nxb5 {[%clk 00:38:46]}
{[%emt 00:07:28]} 22. axb5 {[%clk 01:00:26]} {[%emt 00:01:50]} d4 {[%clk
00:36:38]} {[%emt 00:02:38]} 23. Nc4 {[%clk 00:51:52]} {[%emt 00:09:04]} Ra2
{[%clk 00:22:41]} {[%emt 00:14:25]} 24. cxb7 {[%clk 00:46:54]} {[%emt
00:05:30]} Qxb7 {[%clk 00:23:00]} {[%emt 00:00:11]} 25. Nd6 {[%clk 00:47:08]}
{[%emt 00:00:16]} Qa7 {[%clk 00:20:38]} {[%emt 00:02:52]} 26. Bd2 {[%clk
00:39:35]} {[%emt 00:08:02]} Be5 {[%clk 00:19:35]} {[%emt 00:01:33]} 27. Nc8
{[%clk 00:38:43]} {[%emt 00:01:22]} Qb8 {[%clk 00:18:21]} {[%emt 00:01:32]} 28.
f4 {[%clk 00:31:38]} {[%emt 00:07:48]} Bf6 {[%clk 00:16:07]} {[%emt 00:02:42]}
29. f5 {[%clk 00:30:29]} {[%emt 00:01:41]} Ne5 {[%clk 00:15:37]} {[%emt
00:00:58]} 30. Bf4 {[%clk 00:25:43]} {[%emt 00:05:18]} Rxc8 {[%clk 00:10:02]}
{[%emt 00:06:05]} 31. Rxc8+ {[%clk 00:25:52]} {[%emt 00:00:20]} Qxc8 {[%clk
00:10:05]} {[%emt 00:00:28]} 32. Bxe5 {[%clk 00:26:18]} {[%emt 00:00:04]} Qc2
{[%clk 00:09:16]} {[%emt 00:01:19]} 33. Re1 {[%clk 00:23:52]} {[%emt 00:02:56]}
Bxe5 {[%clk 00:08:35]} {[%emt 00:01:12]} 34. Rxe5 {[%clk 00:20:37]} {[%emt
00:03:44]} Ra1+ {[%clk 00:07:02]} {[%emt 00:02:03]} 35. Re1 {[%clk 00:20:17]}
{[%emt 00:00:50]} Rxe1+ {[%clk 00:06:56]} {[%emt 00:00:36]} 36. Qxe1 {[%clk
00:20:39]} {[%emt 00:00:08]} Qxf5 {[%clk 00:07:14]} {[%emt 00:00:12]} 37. Qf1
{[%clk 00:16:38]} {[%emt 00:04:31]} Qd5 {[%clk 00:06:59]} {[%emt 00:00:35]} 38.
Qd3 {[%clk 00:13:10]} {[%emt 00:04:08]} h6 {[%clk 00:06:45]} {[%emt 00:00:44]}
39. b6 {[%clk 00:12:54]} {[%emt 00:00:46]} Qe5 {[%clk 00:04:17]} {[%emt
00:02:56]} 40. b7 {[%clk 00:07:59]} {[%emt 00:05:27]} Qe1+ {[%clk 00:04:36]}
{[%emt 00:00:12]} 41. Qf1 {[%clk 00:08:24]} {[%emt 00:00:04]} Qxb4 {[%clk
00:04:55]} {[%emt 00:00:11]} 42. Qf3 {[%clk 00:07:27]} {[%emt 00:01:27]} Qe1+
{[%clk 00:29:30]} {[%emt 00:05:56]} 43. Qf1 {[%clk 00:37:46]} {[%emt 00:00:09]}
Qb4 {[%clk 00:29:54]} {[%emt 00:00:06]} 44. Qf3 {[%clk 00:38:10]} {[%emt
00:00:06]} d3 {[%clk 00:28:55]} {[%emt 00:01:30]} 45. Qxd3 {[%clk 00:36:01]}
{[%emt 00:02:40]} Qxb7 {[%clk 00:29:14]} {[%emt 00:00:10]} 46. Qd8+ {[%clk
00:36:25]} {[%emt 00:00:06]} Kh7 {[%clk 00:28:35]} {[%emt 00:01:09]} 47. Qd3+
{[%clk 00:36:49]} {[%emt 00:00:05]} g6 {[%clk 00:28:55]} {[%emt 00:00:10]} 48.
Qf3 {[%clk 00:37:09]} {[%emt 00:00:10]} Qxf3 {[%clk 00:29:13]} {[%emt
00:00:13]} 0-1

[Event "DEM U10w 2025"]
[Site "Willingen GER"]
[Date "2025.06.11"]
[Round "6"]
[White "Elsayed Esam, Sally"]
[Black "Bashirova, Sona"]
[Result "1/2-1/2"]
[Termination "normal"]
[Board "2"]
[WhiteElo "1623"]
[BlackElo "1639"]
[WhiteClock "00:12:19"]
[BlackClock "00:21:39"]
[PlyCount "111"]
[WhiteFideId "34662170"]
[BlackFideId "34664033"]
[EventCountry "GER"]
[EventRounds "9"]
[EventType "swiss"]
[EventDate "2025.06.07"]

1. d4 {[%clk 01:30:45]} {[%emt 00:00:15]} d5 {[%clk 01:30:52]} {[%emt
00:00:08]} 2. Nf3 {[%clk 01:31:01]} {[%emt 00:00:14]} e6 {[%clk 01:31:14]}
{[%emt 00:00:08]} 3. Bf4 {[%clk 01:31:19]} {[%emt 00:00:12]} Bd6 {[%clk
01:31:27]} {[%emt 00:00:17]} 4. Bg3 {[%clk 01:31:21]} {[%emt 00:00:27]} Nf6
{[%clk 01:31:28]} {[%emt 00:00:29]} 5. e3 {[%clk 01:31:40]} {[%emt 00:00:12]}
O-O {[%clk 01:29:45]} {[%emt 00:02:13]} 6. Bd3 {[%clk 01:31:48]} {[%emt
00:00:21]} c5 {[%clk 01:25:56]} {[%emt 00:04:19]} 7. c3 {[%clk 01:29:46]}
{[%emt 00:02:32]} Nc6 {[%clk 01:24:30]} {[%emt 00:01:57]} 8. O-O {[%clk
01:29:17]} {[%emt 00:00:59]} Bxg3 {[%clk 01:22:44]} {[%emt 00:02:15]} 9. hxg3
{[%clk 01:29:35]} {[%emt 00:00:13]} b6 {[%clk 01:18:29]} {[%emt 00:04:45]} 10.
Nbd2 {[%clk 01:24:23]} {[%emt 00:05:42]} Qc7 {[%clk 01:17:04]} {[%emt
00:01:55]} 11. Rc1 {[%clk 01:09:28]} {[%emt 00:15:25]} c4 {[%clk 01:16:37]}
{[%emt 00:00:57]} 12. Bb1 {[%clk 01:09:09]} {[%emt 00:00:48]} Bb7 {[%clk
01:15:49]} {[%emt 00:01:18]} 13. Qe2 {[%clk 01:04:48]} {[%emt 00:04:51]} Rfe8
{[%clk 01:09:49]} {[%emt 00:06:31]} 14. e4 {[%clk 01:00:14]} {[%emt 00:05:03]}
b5 {[%clk 01:09:54]} {[%emt 00:00:25]} 15. e5 {[%clk 00:55:21]} {[%emt
00:05:23]} Nd7 {[%clk 01:01:28]} {[%emt 00:08:57]} 16. Bc2 {[%clk 00:46:11]}
{[%emt 00:09:40]} h6 {[%clk 01:00:44]} {[%emt 00:01:13]} 17. Kh2 {[%clk
00:46:16]} {[%emt 00:00:26]} g6 {[%clk 00:58:30]} {[%emt 00:02:44]} 18. Rh1
{[%clk 00:42:37]} {[%emt 00:04:08]} Kg7 {[%clk 00:57:25]} {[%emt 00:01:35]} 19.
Kg1 {[%clk 00:41:58]} {[%emt 00:01:10]} Rh8 {[%clk 00:56:12]} {[%emt 00:01:43]}
20. Rh3 {[%clk 00:36:05]} {[%emt 00:06:23]} a5 {[%clk 00:50:40]} {[%emt
00:06:02]} 21. Rb1 {[%clk 00:31:12]} {[%emt 00:05:23]} b4 {[%clk 00:48:26]}
{[%emt 00:02:44]} 22. a4 {[%clk 00:23:41]} {[%emt 00:08:01]} b3 {[%clk
00:47:46]} {[%emt 00:01:11]} 23. Bd1 {[%clk 00:23:15]} {[%emt 00:00:54]} Nb6
{[%clk 00:44:51]} {[%emt 00:03:25]} 24. Ra1 {[%clk 00:21:57]} {[%emt 00:01:48]}
Ne7 {[%clk 00:44:42]} {[%emt 00:00:39]} 25. Nb1 {[%clk 00:20:22]} {[%emt
00:02:06]} Bc6 {[%clk 00:42:51]} {[%emt 00:02:21]} 26. Na3 {[%clk 00:19:55]}
{[%emt 00:00:56]} Bxa4 {[%clk 00:41:28]} {[%emt 00:01:54]} 27. Qd2 {[%clk
00:18:32]} {[%emt 00:01:47]} Bc6 {[%clk 00:39:21]} {[%emt 00:02:42]} 28. g4
{[%clk 00:16:11]} {[%emt 00:02:51]} a4 {[%clk 00:36:37]} {[%emt 00:03:15]} 29.
Qf4 {[%clk 00:15:40]} {[%emt 00:01:00]} Nd7 {[%clk 00:35:06]} {[%emt 00:02:01]}
30. g5 {[%clk 00:14:21]} {[%emt 00:01:49]} h5 {[%clk 00:34:34]} {[%emt
00:01:01]} 31. Be2 {[%clk 00:12:50]} {[%emt 00:02:02]} Nf5 {[%clk 00:29:06]}
{[%emt 00:05:59]} 32. Nh4 {[%clk 00:11:43]} {[%emt 00:01:37]} Nxh4 {[%clk
00:23:51]} {[%emt 00:05:45]} 33. Rxh4 {[%clk 00:11:06]} {[%emt 00:01:05]} Raf8
{[%clk 00:19:10]} {[%emt 00:05:12]} 34. Kh2 {[%clk 00:10:44]} {[%emt 00:00:52]}
Qd8 {[%clk 00:13:16]} {[%emt 00:06:24]} 35. Rh1 {[%clk 00:08:56]} {[%emt
00:02:17]} Rh7 {[%clk 00:13:09]} {[%emt 00:00:37]} 36. Kg1 {[%clk 00:09:04]}
{[%emt 00:00:23]} Rfh8 {[%clk 00:13:27]} {[%emt 00:00:12]} 37. Qg3 {[%clk
00:08:04]} {[%emt 00:01:30]} Qe7 {[%clk 00:11:04]} {[%emt 00:02:53]} 38. f4
{[%clk 00:07:01]} {[%emt 00:01:33]} Nb8 {[%clk 00:07:08]} {[%emt 00:04:26]} 39.
Qh3 {[%clk 00:06:52]} {[%emt 00:00:39]} Qf8 {[%clk 00:03:51]} {[%emt 00:03:47]}
40. g4 {[%clk 00:06:13]} {[%emt 00:01:09]} Qg8 {[%clk 00:02:30]} {[%emt
00:01:52]} 41. gxh5 {[%clk 00:05:55]} {[%emt 00:00:47]} gxh5 {[%clk 00:02:33]}
{[%emt 00:00:27]} 42. Bxh5 {[%clk 00:05:28]} {[%emt 00:00:57]} Be8 {[%clk
00:01:19]} {[%emt 00:01:44]} 43. Qg3 {[%clk 00:27:23]} {[%emt 00:08:35]} Kf8
{[%clk 00:30:53]} {[%emt 00:00:57]} 44. Bg4 {[%clk 00:26:51]} {[%emt 00:01:00]}
Rxh4 {[%clk 00:27:42]} {[%emt 00:03:42]} 45. Rxh4 {[%clk 00:27:05]} {[%emt
00:00:16]} Rxh4 {[%clk 00:27:35]} {[%emt 00:00:37]} 46. Qxh4 {[%clk 00:27:15]}
{[%emt 00:00:20]} Nd7 {[%clk 00:26:42]} {[%emt 00:01:23]} 47. Kh2 {[%clk
00:25:41]} {[%emt 00:01:59]} Qg7 {[%clk 00:26:35]} {[%emt 00:00:42]} 48. Kh3
{[%clk 00:24:43]} {[%emt 00:01:22]} Kg8 {[%clk 00:26:16]} {[%emt 00:00:55]} 49.
Qh5 {[%clk 00:23:06]} {[%emt 00:02:07]} Qh7 {[%clk 00:24:28]} {[%emt 00:02:19]}
50. Qxh7+ {[%clk 00:21:36]} {[%emt 00:01:59]} Kxh7 {[%clk 00:24:35]} {[%emt
00:00:24]} 51. f5 {[%clk 00:19:30]} {[%emt 00:02:36]} Nf8 {[%clk 00:24:28]}
{[%emt 00:00:36]} 52. Kh4 {[%clk 00:16:02]} {[%emt 00:03:58]} Bd7 {[%clk
00:22:30]} {[%emt 00:02:28]} 53. Bh5 {[%clk 00:13:48]} {[%emt 00:02:43]} Kg8
{[%clk 00:21:47]} {[%emt 00:01:13]} 54. f6 {[%clk 00:13:23]} {[%emt 00:00:56]}
Ng6+ {[%clk 00:21:11]} {[%emt 00:01:06]} 55. Bxg6 {[%clk 00:12:03]} {[%emt
00:01:50]} fxg6 {[%clk 00:21:39]} {[%emt 00:00:02]} 56. Kg4 {[%clk 00:12:19]}
{[%emt 00:00:13]} 1/2-1/2

[Event "DEM U10w 2025"]
[Site "Willingen GER"]
[Date "2025.06.11"]
[Round "6"]
[White "Hleizer, Ahata"]
[Black "Sigacheva, Varvara"]
[Result "1-0"]
[Termination "normal"]
[Board "3"]
[WhiteElo "1594"]
[BlackElo "1453"]
[WhiteClock "00:45:14"]
[BlackClock "00:10:47"]
[PlyCount "57"]
[WhiteFideId "34643370"]
[BlackFideId "522079416"]
[EventCountry "GER"]
[EventRounds "9"]
[EventType "swiss"]
[EventDate "2025.06.07"]

1. e4 {[%clk 01:30:55]} {[%emt 00:00:04]} c6 {[%clk 01:30:58]} {[%emt
00:00:03]} 2. Nc3 {[%clk 01:31:14]} {[%emt 00:00:11]} d5 {[%clk 01:31:08]}
{[%emt 00:00:20]} 3. Nf3 {[%clk 01:31:14]} {[%emt 00:00:29]} dxe4 {[%clk
01:30:27]} {[%emt 00:01:12]} 4. Nxe4 {[%clk 01:31:32]} {[%emt 00:00:12]} Bf5
{[%clk 01:30:12]} {[%emt 00:00:44]} 5. Ng3 {[%clk 01:31:27]} {[%emt 00:00:35]}
Bg6 {[%clk 01:29:38]} {[%emt 00:01:05]} 6. Bc4 {[%clk 01:30:58]} {[%emt
00:00:58]} e6 {[%clk 01:28:31]} {[%emt 00:01:38]} 7. d4 {[%clk 01:30:05]}
{[%emt 00:01:22]} Nf6 {[%clk 01:27:01]} {[%emt 00:02:00]} 8. Bf4 {[%clk
01:29:14]} {[%emt 00:01:19]} h6 {[%clk 01:23:10]} {[%emt 00:04:23]} 9. Ne5
{[%clk 01:25:06]} {[%emt 00:04:35]} Bh7 {[%clk 01:18:48]} {[%emt 00:04:55]} 10.
c3 {[%clk 01:19:57]} {[%emt 00:05:40]} Be7 {[%clk 01:13:05]} {[%emt 00:06:12]}
11. Qe2 {[%clk 01:13:58]} {[%emt 00:06:29]} Qc8 {[%clk 01:05:11]} {[%emt
00:08:18]} 12. Rd1 {[%clk 01:07:13]} {[%emt 00:07:22]} O-O {[%clk 01:02:19]}
{[%emt 00:03:23]} 13. O-O {[%clk 01:07:31]} {[%emt 00:00:11]} Nd5 {[%clk
00:54:50]} {[%emt 00:07:59]} 14. Bxd5 {[%clk 01:06:41]} {[%emt 00:01:20]} cxd5
{[%clk 00:55:01]} {[%emt 00:00:19]} 15. Qg4 {[%clk 01:04:53]} {[%emt 00:02:16]}
Kh8 {[%clk 00:48:35]} {[%emt 00:06:57]} 16. Nh5 {[%clk 01:03:07]} {[%emt
00:02:16]} g5 {[%clk 00:42:32]} {[%emt 00:06:34]} 17. h4 {[%clk 01:02:35]}
{[%emt 00:01:01]} Bf5 {[%clk 00:40:38]} {[%emt 00:02:24]} 18. Qg3 {[%clk
01:02:17]} {[%emt 00:00:48]} f6 {[%clk 00:34:57]} {[%emt 00:06:11]} 19. Nd3
{[%clk 00:56:08]} {[%emt 00:06:39]} Bg6 {[%clk 00:33:12]} {[%emt 00:02:09]} 20.
Qg4 {[%clk 00:51:22]} {[%emt 00:05:22]} f5 {[%clk 00:32:10]} {[%emt 00:01:32]}
21. Be5+ {[%clk 00:50:02]} {[%emt 00:01:51]} Kh7 {[%clk 00:30:09]} {[%emt
00:02:23]} 22. Qe2 {[%clk 00:50:07]} {[%emt 00:00:32]} gxh4 {[%clk 00:24:07]}
{[%emt 00:06:33]} 23. Nhf4 {[%clk 00:49:44]} {[%emt 00:00:52]} Nc6 {[%clk
00:16:38]} {[%emt 00:08:00]} 24. Rfe1 {[%clk 00:47:59]} {[%emt 00:02:14]} Re8
{[%clk 00:14:21]} {[%emt 00:02:48]} 25. Nxg6 {[%clk 00:45:30]} {[%emt
00:02:58]} Kxg6 {[%clk 00:14:44]} {[%emt 00:00:07]} 26. Nf4+ {[%clk 00:45:04]}
{[%emt 00:00:56]} Kh7 {[%clk 00:13:14]} {[%emt 00:01:51]} 27. Qh5 {[%clk
00:45:12]} {[%emt 00:00:31]} Rg8 {[%clk 00:10:24]} {[%emt 00:03:19]} 28. Qf7+
{[%clk 00:45:34]} {[%emt 00:00:09]} Rg7 {[%clk 00:10:47]} {[%emt 00:00:08]} 29.
Qxg7# {[%clk 00:45:14]} {[%emt 00:00:10]} 1-0

[Event "DEM U10w 2025"]
[Site "Willingen GER"]
[Date "2025.06.11"]
[Round "6"]
[White "Giss, Annika"]
[Black "Xu, Dorothea Sicheng"]
[Result "1-0"]
[Termination "normal"]
[Board "4"]
[WhiteElo "1520"]
[BlackElo "1484"]
[WhiteClock "00:39:35"]
[BlackClock "00:07:38"]
[PlyCount "107"]
[WhiteFideId "34673148"]
[BlackFideId "34667539"]
[EventCountry "GER"]
[EventRounds "9"]
[EventType "swiss"]
[EventDate "2025.06.07"]

1. e4 {[%clk 01:30:59]} c5 {[%clk 01:30:55]} {[%emt 00:00:05]} 2. Nc3 {[%clk
01:31:25]} {[%emt 00:00:04]} e6 {[%clk 01:31:20]} {[%emt 00:00:05]} 3. g3
{[%clk 01:31:49]} {[%emt 00:00:07]} d5 {[%clk 01:31:46]} {[%emt 00:00:05]} 4.
Bg2 {[%clk 01:32:11]} {[%emt 00:00:07]} Nf6 {[%clk 01:32:07]} {[%emt 00:00:08]}
5. d3 {[%clk 01:32:27]} {[%emt 00:00:15]} Be7 {[%clk 01:32:27]} {[%emt
00:00:10]} 6. f4 {[%clk 01:32:50]} {[%emt 00:00:07]} Nc6 {[%clk 01:32:17]}
{[%emt 00:00:41]} 7. e5 {[%clk 01:33:06]} {[%emt 00:00:13]} Nd7 {[%clk
01:32:30]} {[%emt 00:00:17]} 8. Nf3 {[%clk 01:33:29]} {[%emt 00:00:07]} O-O
{[%clk 01:32:29]} {[%emt 00:00:31]} 9. O-O {[%clk 01:33:51]} {[%emt 00:00:07]}
f6 {[%clk 01:31:29]} {[%emt 00:01:31]} 10. exf6 {[%clk 01:33:02]} {[%emt
00:01:19]} Nxf6 {[%clk 01:31:23]} {[%emt 00:00:36]} 11. Re1 {[%clk 01:25:01]}
{[%emt 00:08:31]} Re8 {[%clk 01:27:33]} {[%emt 00:04:19]} 12. d4 {[%clk
01:10:27]} {[%emt 00:15:04]} cxd4 {[%clk 01:22:04]} {[%emt 00:05:59]} 13. Nxd4
{[%clk 01:10:09]} {[%emt 00:00:48]} Bc5 {[%clk 01:18:27]} {[%emt 00:04:08]} 14.
Nce2 {[%clk 01:09:39]} {[%emt 00:01:00]} Qb6 {[%clk 01:15:36]} {[%emt
00:03:21]} 15. c3 {[%clk 01:08:58]} {[%emt 00:01:10]} e5 {[%clk 01:07:06]}
{[%emt 00:09:00]} 16. fxe5 {[%clk 01:08:56]} {[%emt 00:00:33]} Nxe5 {[%clk
01:04:36]} {[%emt 00:03:00]} 17. Kh1 {[%clk 01:04:27]} {[%emt 00:04:58]} Nfg4
{[%clk 01:01:08]} {[%emt 00:03:58]} 18. Bxd5+ {[%clk 01:03:50]} {[%emt
00:01:07]} Be6 {[%clk 00:55:29]} {[%emt 00:06:10]} 19. Bxe6+ {[%clk 01:02:23]}
{[%emt 00:01:57]} Rxe6 {[%clk 00:54:40]} {[%emt 00:01:19]} 20. Qb3 {[%clk
01:02:06]} {[%emt 00:00:46]} Qxb3 {[%clk 00:49:51]} {[%emt 00:05:20]} 21. Nxb3
{[%clk 01:01:55]} {[%emt 00:00:40]} Nd3 {[%clk 00:48:13]} {[%emt 00:02:07]} 22.
Nxc5 {[%clk 00:59:14]} {[%emt 00:03:13]} Nxc5 {[%clk 00:46:37]} {[%emt
00:02:06]} 23. Bd2 {[%clk 00:53:59]} {[%emt 00:05:45]} Nd3 {[%clk 00:44:57]}
{[%emt 00:02:10]} 24. Nf4 {[%clk 00:52:43]} {[%emt 00:01:40]} Rxe1+ {[%clk
00:34:55]} {[%emt 00:10:37]} 25. Bxe1 {[%clk 00:52:55]} {[%emt 00:00:19]} Nxb2
{[%clk 00:34:42]} {[%emt 00:00:43]} 26. Rb1 {[%clk 00:52:50]} {[%emt 00:00:35]}
Re8 {[%clk 00:33:21]} {[%emt 00:01:50]} 27. h3 {[%clk 00:50:54]} {[%emt
00:02:26]} Nf6 {[%clk 00:30:00]} {[%emt 00:03:52]} 28. Bf2 {[%clk 00:48:29]}
{[%emt 00:02:52]} Nc4 {[%clk 00:25:38]} {[%emt 00:04:55]} 29. Rxb7 {[%clk
00:46:32]} {[%emt 00:02:26]} Ne4 {[%clk 00:23:28]} {[%emt 00:02:40]} 30. Kg2
{[%clk 00:39:15]} {[%emt 00:07:48]} Nxc3 {[%clk 00:21:14]} {[%emt 00:02:43]}
31. Rxa7 {[%clk 00:39:32]} {[%emt 00:00:13]} Re5 {[%clk 00:18:53]} {[%emt
00:02:51]} 32. Bd4 {[%clk 00:38:41]} {[%emt 00:01:21]} Ra5 {[%clk 00:11:36]}
{[%emt 00:07:47]} 33. Rxa5 {[%clk 00:38:15]} {[%emt 00:00:57]} Nxa5 {[%clk
00:11:38]} {[%emt 00:00:27]} 34. Bxc3 {[%clk 00:38:39]} {[%emt 00:00:07]} Nc4
{[%clk 00:10:37]} {[%emt 00:01:31]} 35. a4 {[%clk 00:37:32]} {[%emt 00:01:36]}
Nb6 {[%clk 00:10:22]} {[%emt 00:00:44]} 36. a5 {[%clk 00:37:49]} {[%emt
00:00:15]} Na8 {[%clk 00:10:34]} {[%emt 00:00:18]} 37. Kf3 {[%clk 00:37:58]}
{[%emt 00:00:20]} g6 {[%clk 00:09:55]} {[%emt 00:01:09]} 38. Ke4 {[%clk
00:37:55]} {[%emt 00:00:34]} Nc7 {[%clk 00:09:39]} {[%emt 00:00:46]} 39. Nd5
{[%clk 00:37:34]} {[%emt 00:00:50]} Nb5 {[%clk 00:09:26]} {[%emt 00:00:44]} 40.
a6 {[%clk 00:36:48]} {[%emt 00:01:16]} Kf7 {[%clk 00:09:23]} {[%emt 00:00:32]}
41. Be5 {[%clk 00:35:59]} {[%emt 00:01:19]} Ke6 {[%clk 00:09:14]} {[%emt
00:00:40]} 42. Nc7+ {[%clk 00:36:21]} {[%emt 00:00:08]} Nxc7 {[%clk 00:08:47]}
{[%emt 00:00:57]} 43. Bxc7 {[%clk 00:36:46]} {[%emt 00:00:04]} Kd7 {[%clk
00:08:58]} {[%emt 00:00:19]} 44. a7 {[%clk 00:37:00]} {[%emt 00:00:17]} Kxc7
{[%clk 00:05:11]} {[%emt 00:04:17]} 45. a8=Q {[%clk 00:37:08]} {[%emt
00:00:22]} Kd7 {[%clk 00:05:30]} {[%emt 00:00:11]} 46. Qb7+ {[%clk 00:37:20]}
{[%emt 00:00:18]} Ke6 {[%clk 00:05:49]} {[%emt 00:00:11]} 47. Qxh7 {[%clk
00:37:21]} {[%emt 00:00:28]} Kf6 {[%clk 00:06:07]} {[%emt 00:00:13]} 48. h4
{[%clk 00:37:27]} {[%emt 00:00:23]} Ke6 {[%clk 00:05:55]} {[%emt 00:00:42]} 49.
Qxg6+ {[%clk 00:37:51]} {[%emt 00:00:06]} Kd7 {[%clk 00:06:10]} {[%emt
00:00:16]} 50. h5 {[%clk 00:38:07]} {[%emt 00:00:14]} Ke7 {[%clk 00:06:28]}
{[%emt 00:00:11]} 51. Kd5 {[%clk 00:38:29]} {[%emt 00:00:09]} Kf8 {[%clk
00:06:44]} {[%emt 00:00:13]} 52. Qh7 {[%clk 00:38:48]} {[%emt 00:00:11]} Ke8
{[%clk 00:07:10]} {[%emt 00:00:04]} 53. Ke6 {[%clk 00:39:12]} {[%emt 00:00:07]}
Kd8 {[%clk 00:07:38]} {[%emt 00:00:02]} 54. Qd7# {[%clk 00:39:35]} {[%emt
00:00:07]} 1-0